|
|
|
|
| LEADER |
00000nas a2200000 4500 |
| 001 |
ssj0000562625 |
| 003 |
WaSeSS |
| 005 |
20200512172242.0 |
| 006 |
m d |
| 007 |
cr n |
| 008 |
780724u1974uuuuck fr p s 0 0spa d |
| 010 |
|
|
|a 75646108
|
| 022 |
|
|
|y 0120-1263
|
| 035 |
|
|
|a (WaSeSS)ssj0000562625
|
| 040 |
|
|
|a CLU
|b eng
|c CLU
|d DLC
|d NST
|d DLC
|d IXA
|d OCLCF
|d OCLCO
|d OCLCQ
|d WaSeSS
|
| 041 |
0 |
|
|a spa
|b eng
|
| 042 |
|
|
|a msc
|
| 043 |
|
|
|a cl-----
|
| 050 |
0 |
0 |
|a AS82.M4
|b A2
|
| 245 |
0 |
0 |
|a Escritos
|h [electronic resource].
|
| 260 |
|
|
|a Medellín, Colombia,
|b [Facultad de Filosofía y Letras, U.P.B.]
|
| 310 |
|
|
|a Semiannual,
|b <July/Dec. 2004->
|
| 321 |
|
|
|a Quarterly,
|b 1974-
|
| 362 |
0 |
|
|a no. 1- jul. 1974-
|
| 506 |
|
|
|a License restrictions may limit access.
|
| 546 |
|
|
|a In Spanish; abstracts in English and Spanish.
|
| 550 |
|
|
|a Issued by Escuela de Teología, Filosofía y Humanidades, Facultad de Filosofía, <July 2004->
|
| 610 |
2 |
0 |
|a Universidad Pontificia Bolivariana
|v Periodicals.
|
| 610 |
2 |
7 |
|a Universidad Pontificia Bolivariana.
|2 fast
|0 (OCoLC)fst00558629
|
| 650 |
|
0 |
|a Philosophy
|v Periodicals.
|
| 650 |
|
0 |
|a Literature
|x History and criticism
|v Periodicals.
|
| 650 |
|
0 |
|a Latin American literature
|x History and criticism
|v Periodicals.
|
| 650 |
|
7 |
|a Latin American literature.
|2 fast
|0 (OCoLC)fst00993031
|
| 650 |
|
7 |
|a Literature.
|2 fast
|0 (OCoLC)fst00999953
|
| 650 |
|
7 |
|a Philosophy.
|2 fast
|0 (OCoLC)fst01060777
|
| 655 |
|
0 |
|a Electronic journals.
|
| 710 |
2 |
|
|a Universidad Pontificia Bolivariana.
|b Facultad de Filosofía y Letras.
|
| 710 |
2 |
|
|a Universidad Pontificia Bolivariana.
|b Facultad de Filosofía.
|
| 850 |
|
|
|a DLC
|a IU
|a NN
|a UU
|
| 856 |
4 |
0 |
|z Full text available from Research Library: 01/01/2010 to present
|u https://search.proquest.com/publication/616385
|